000 00310nam a2200133Ia 4500
008 231129s1971||||xx |||||||||||||| ||spa||
040 _bspa
082 _aF843 o51ga
100 _aOllier Claude Ollier Claude
245 0 _aGarantia del orden
260 _c1971
264 _aSeix Barral
942 _2ddc
_cBKS
999 _c14346
_d14346